| 000 | nam a22 a 4500 | ||
|---|---|---|---|
| 999 |
_c917 _d917 |
||
| 003 | AKMAL | ||
| 005 | 20170508084546.0 | ||
| 008 | 170508s1998 my 00 may d | ||
| 020 |
_a9839452142 (kkt.): _cRM6.00 |
||
| 040 | _aAKMAL | ||
| 082 | 0 | 4 |
_a297.23 MUH _221 |
| 090 | 0 | 0 |
_a297.23 _bMUH |
| 245 | 0 | 0 |
_aGodaan syaitan semasa syakaratul maut : _b[hubungan kehidupan dunia dan akhirat] / _csusunan Muhammad Sofwan |
| 260 |
_aKuala Lumpur : _bUsnie Publisher , _c1998 |
||
| 300 | 0 | 0 |
_aviii, 117ms. ; _c21cm |
| 500 | _aMengandungi ayat-ayat dari Quran | ||
| 650 | 0 |
_aDevil _xIslam _91962 |
|
| 650 | 0 |
_aResurrection (Islam) _91943 |
|
| 650 | 0 |
_aDeath _xReligious aspects _xIslam _91942 |
|
| 700 | 0 |
_aMuhammad Sofwan _91963 |
|
| 942 |
_2ddc _cBOOK |
||